<?xml version="1.0" encoding="UTF-8"?>
<marc:record xmlns:marc="http://www.loc.gov/MARC21/slim">
   <marc:leader>00000nam a2200000 a 4500</marc:leader>
   <marc:datafield ind1="1" ind2=" " tag="100">
      <marc:subfield code="a">Kittler, Martina</marc:subfield>
      <marc:subfield code="4">aut</marc:subfield>
      <marc:subfield code="e">Verfasser/-in</marc:subfield>
   </marc:datafield>
   <marc:datafield ind1="0" ind2="0" tag="245">
      <marc:subfield code="a">Lunch im Glas</marc:subfield>
   </marc:datafield>
   <marc:datafield ind1="0" ind2="0" tag="245">
      <marc:subfield code="b">goodbye Kantine, hello Fitfood</marc:subfield>
   </marc:datafield>
   <marc:datafield ind1="0" ind2="0" tag="245">
      <marc:subfield code="c">Kittler, Martina</marc:subfield>
   </marc:datafield>
   <marc:datafield ind1=" " ind2="1" tag="264">
      <marc:subfield code="a">München</marc:subfield>
      <marc:subfield code="b">Gräfe und Unzer Verlag GmbH</marc:subfield>
      <marc:subfield code="c">2016</marc:subfield>
   </marc:datafield>
   <marc:datafield ind1=" " ind2=" " tag="250">
      <marc:subfield code="a">1. Auflage</marc:subfield>
   </marc:datafield>
   <marc:datafield ind1="1" ind2=" " tag="520">
      <marc:subfield code="a">Lunch im Glas : Goodbye Kantine, hello Fitfood / von Martina Kittler &#xD;
&#xD;
Einwecken war gestern, heute wird geschichtet! Statt Zwetschgen, Quitten und Co. kommen jetzt jede Menge knackige Salate und feine Süppchen ins Glas - und dann für die gesunde Pause mit ins Büro. Das Prinzip ist ganz einfach: Dressing und Zutaten Schicht für Schicht ins Glas, Deckel drauf und ab in den Kühlschrank. So bleibt bis zum nächsten Morgen alles topfrisch und kann direkt im Glas mit ins Büro. Zur Mittagspause den Schichtsalat einmal durchmischen - guten Appetit! Und die Suppen-Zutaten im Glas einfach mit kochendem Wasser aufgießen, umrühren, fertig. Was zunächst vielleicht nach schlechtem Fastfood klingt, ist im Gegenteil gesundes Fitfood: Durch die perfekte Kombination der Zutaten steckt der Lunch voller wertvoller Nährstoffe. Und das gibt Ihnen die nötige Energie, das berühmte Nachmittagstief mit Schwung zu meistern.</marc:subfield>
   </marc:datafield>
   <marc:datafield ind1=" " ind2=" " tag="020">
      <marc:subfield code="a">9783833850172</marc:subfield>
      <marc:subfield code="9">9783833850172</marc:subfield>
   </marc:datafield>
   <marc:datafield ind1=" " ind2=" " tag="020">
      <marc:subfield code="a">3833850175</marc:subfield>
      <marc:subfield code="9">3833850175</marc:subfield>
   </marc:datafield>
   <marc:datafield ind1=" " ind2=" " tag="041">
      <marc:subfield code="a">ger</marc:subfield>
   </marc:datafield>
   <marc:datafield ind1=" " ind2=" " tag="300">
      <marc:subfield code="b">Illustrationen</marc:subfield>
   </marc:datafield>
   <marc:datafield ind1=" " ind2=" " tag="338">
      <marc:subfield code="a">Band</marc:subfield>
   </marc:datafield>
   <marc:datafield ind1=" " ind2=" " tag="300">
      <marc:subfield code="a">64 Seiten</marc:subfield>
   </marc:datafield>
</marc:record>
